Desafíos del pensamiento crítico en la educación remota de emergencia /
Tallennettuna:
| Päätekijä: | |
|---|---|
| Aineistotyyppi: | Elektroninen E-kirja |
| Kieli: | espanja |
| Julkaistu: |
Bogotá, D.C. :
Ediciones Unisalle,
[2023]
|
| Painos: | Primera edición. |
| Aiheet: | |
| Linkit: | Digitalia Hispánica |
| Tagit: |
Lisää tagi
Ei tageja, Lisää ensimmäinen tagi!
|
MARC
| LEADER | 00000nam a2200000 i 4500 | ||
|---|---|---|---|
| 001 | DIGUSALLE0283 | ||
| 003 | NyNyDIG | ||
| 007 | cr ||||||||||| | ||
| 008 | 230706s2023 ck ob 000 0 spa d | ||
| 006 | m o d | ||
| 035 | |a (OCoLC)1390760829 | ||
| 040 | |a DGITA |b eng |e rda |e pn |c DGITA | ||
| 020 | |a 9786287510814 |q pdf | ||
| 020 | |a 9786287510807 |q ePub | ||
| 020 | |z 9786287510791 |q impreso | ||
| 050 | 1 | 4 | |a LA134 ebook |
| 245 | 0 | 0 | |a Desafíos del pensamiento crítico en la educación remota de emergencia / |c Mirta Yolima Gutiérrez-Ríos [and 14 others]. |
| 250 | |a Primera edición. | ||
| 264 | 1 | |a Bogotá, D.C. : |b Ediciones Unisalle, |c [2023] | |
| 300 | |a 1 online resource : |b illustrations. | ||
| 336 | |a text |b txt |2 rdacontent | ||
| 337 | |a computer |b c |2 rdamedia | ||
| 338 | |a online resource |b cr |2 rdacarrier | ||
| 347 | |a text file |2 rdaft | ||
| 347 | |b EPUB | ||
| 500 | |a "Universidad de La Salle, Vicerrectoría de Investigación y Transferencia."--Cover. | ||
| 504 | |a Includes bibliographical references. | ||
| 588 | 0 | |a Online resource; title from ePub title page (Digitalia, viewed July 6, 2023) | |
| 650 | 0 | |a Educational change. | |
| 650 | 0 | |a Social distancing (Public health) and education. | |
| 650 | 0 | |a Critical thinking. | |
| 650 | 0 | |a Teachers |x Training of. | |
| 700 | 1 | |a Gutiérrez Rios, Mirta Yolima, |e author. | |
| 791 | 2 | |a Digitalia (Firm), |e distributor. | |
| 793 | 0 | |g Digitalia eBook Collection: |a Universidad de la Salle | |
| 776 | 0 | 8 | |i Print version: |t Desafíos del pensamiento crítico en la educación remota de emergencia. |b Primera edición. |d Bogotá, D.C. : Ediciones Unisalle, [2023] |z 9786287510791 |
| 856 | 4 | 0 | |3 Digitalia Hispánica |u https://digitalia.unach.elogim.com/a/125811/ |
| 910 | |a Premium collection: 2023 | ||